| 000 | 00458nam a2200193Ia 4500 | ||
|---|---|---|---|
| 003 | 0100 | ||
| 008 | 130303s9999 xx 000 0 und d | ||
| 040 | _cARRUPELIB | ||
| 050 | _aBL2775.3.C912 | ||
| 100 | _aCrean, Thomas | ||
| 245 | 2 | _aA Catholic replies to Professor Dawkins | |
| 260 | _aOxford | ||
| 260 | _bFamily Publications | ||
| 260 | _C2007 | ||
| 300 | _a159p. | ||
| 300 | _b 23 cm | ||
| 650 | _bMusic--Analytical guide | ||
| 942 |
_2lcc _01 |
||
| 999 |
_c65620 _d65620 |
||